000 00516nam a22001817a 4500
003 OSt
005 20180116182952.0
008 131205b xxu||||| |||| 00| 0 eng d
020 _a9788173816062
040 _a0
_c0
082 _a657.42 JAN 2010
100 _aGoutam K jana
245 _aElements of cost and Management Accounting
_cGoutam K jana
260 _aLondon
_bNew Central Book Agency Ltd
_c2010
300 _aAprox 350p.
_bPB
440 _aElements of cost and Management Accounting
942 _2ddc
_cBK
999 _c349555
_d349555